[Event "ISR-chT"]
[Site "Israel"]
[Date "2024.02.10"]
[Round "6.23"]
[White "Khmelniker, Ilya"]
[Black "Raznikov, Danny"]
[Result "1/2-1/2"]
[WhiteElo "2459"]
[BlackElo "2469"]
[PlyCount "121"]
[EventDate "2024.01.10"]
[EventType "team-tourn"]
[EventRounds "11"]
[EventCountry "ISR"]
[SourceTitle "CB09_2024"]
[SourceDate "2024.02.28"]
[SourceVersion "1"]
[SourceVersionDate "2024.02.28"]
[SourceQuality "1"]
[WhiteTeam "Beer Sheva II"]
[BlackTeam "Kfar Saba"]
[WhiteTeamCountry "ISR"]
[BlackTeamCountry "ISR"]

1. d4 d5 2. Nf3 Nf6 3. g3 Bf5 4. Bg2 e6 5. c4 c6 6. Nc3 h6 7. Qb3 Qc8 8. 0-0 Be7 9. Bf4 Nbd7 10. Rac1 0-0 11. Nd2 Nb6 12. e4 dxe4 13. Ndxe4 Rd8 14. Rfd1 Nxe4 15. Nxe4 Bxe4 16. Bxe4 Nd7 17. Bg2 a5 18. Qf3 Nf6 19. Bh3 Qd7 20. Be5 Nh7 21. Qe2 Rac8 22. Bg2 Bd6 23. Qe1 Bb4 24. Qe2 Bd6 25. h4 Qe7 26. a3 Nf8 27. Qe1 Ra8 28. Qe2 Nd7 29. f4 Bb8 30. Bxb8 Raxb8 31. d5 Qc5+ 32. Kh1 Nf8 33. h5 Rd6 34. Qe1 cxd5 35. b4 axb4 36. axb4 Qc6 37. cxd5 Qb6 38. Qc3 Rbd8 39. Qc5 Nd7 40. Qa5 Nf6 41. Qxb6 Rxb6 42. dxe6 Rxd1+ 43. Rxd1 fxe6 44. Rd8+ Kf7 45. Rb8 Rxb4 46. Rxb7+ Rxb7 47. Bxb7 Nxh5 48. Kg2 Ke7 49. Kf3 Nf6 50. Ba6 Kd6 51. Bc4 g5 52. Bb3 e5 53. fxe5+ Kxe5 54. Ba4 g4+ 55. Kg2 Ke4 56. Bc2+ Ke3 57. Bf5 Ke2 58. Be6 Ke1 59. Bf5 h5 60. Bg6 Ke2 61. Bf7 1/2-1/2

[Event "ISR-chT"]
[Site "Israel"]
[Date "2024.01.20"]
[Round "4.29"]
[White "Vagman, Roy"]
[Black "Raznikov, Danny"]
[Result "1/2-1/2"]
[WhiteElo "2288"]
[BlackElo "2469"]
[PlyCount "108"]
[EventDate "2024.01.10"]
[EventType "team-tourn"]
[EventRounds "11"]
[EventCountry "ISR"]
[SourceTitle "CB09_2024"]
[SourceDate "2024.02.28"]
[SourceVersion "1"]
[SourceVersionDate "2024.02.28"]
[SourceQuality "1"]
[WhiteTeam "Rishon Le iZion II"]
[BlackTeam "Kfar Saba"]
[WhiteTeamCountry "ISR"]
[BlackTeamCountry "ISR"]

1. e4 c5 2. Nf3 d6 3. Bb5+ Nd7 4. Ba4 Ngf6 5. 0-0 a6 6. c4 g6 7. Nc3 Bg7 8. d3 0-0 9. h3 b6 10. Bf4 Nh5 11. Bg5 Bb7 12. g4 Nhf6 13. Qd2 Ne8 14. Rac1 f6 15. Bh4 e5 16. Rb1 Nc7 17. b4 Ne6 18. Ne2 Rb8 19. Ne1 cxb4 20. Rxb4 Ndc5 21. Bc2 Qc7 22. f3 Nd4 23. Nxd4 exd4 24. Ng2 f5 25. Rbb1 Be5 26. Bg5 Bc6 27. Bh6 Bg7 28. gxf5 gxf5 29. Nh4 f4 30. Bxf4 Be5 31. Bh6 Rf6 32. Bg5 Qg7 33. Kh1 Ne6 34. Bxf6 Qxf6 35. Rg1+ Kf7 36. Nf5 Qxf5 37. exf5 Bxf3+ 38. Qg2 Bxg2+ 39. Kxg2 Nf4+ 40. Kf3 Kf6 41. h4 Kxf5 42. Rg5+ Kf6 43. Rf1 Ng6 44. Ke4+ Kg7 45. h5 Kh6 46. Rff5 Nf4 47. Rg4 Ne2 48. Kf3 Nc3 49. Bb3 a5 50. a4 Re8 51. Kf2 Bh8 52. Rg2 Re2+ 53. Kf1 Re3 54. Bc2 Be5 1/2-1/2

[Event "ISR-chT"]
[Site "Israel"]
[Date "2023.05.05"]
[Round "9.5"]
[White "Raznikov, Danny"]
[Black "Gorodetzky, Matan"]
[Result "1-0"]
[WhiteElo "2482"]
[BlackElo "2333"]
[PlyCount "125"]
[EventDate "2023.01.11"]
[EventType "team-tourn"]
[EventRounds "11"]
[EventCountry "ISR"]
[SourceTitle "EXT 2024"]
[Source "ChessBase"]
[SourceDate "2023.10.10"]
[SourceVersion "1"]
[SourceVersionDate "2023.10.10"]
[SourceQuality "1"]
[WhiteTeam "Kfar Saba"]
[BlackTeam "Rehovot"]
[WhiteTeamCountry "ISR"]
[BlackTeamCountry "ISR"]

1. d4 d5 2. c4 e6 3. Nc3 c5 4. e3 dxc4 5. Bxc4 Nf6 6. Nf3 a6 7. 0-0 b5 8. Bd3 Bb7 9. dxc5 Bxc5 10. a3 Nbd7 11. b4 Be7 12. Bb2 0-0 13. Qe2 Rc8 14. Rfd1 Qb6 15. Rac1 h6 16. e4 Bd6 17. Nb1 Rxc1 18. Rxc1 Bf4 19. Nbd2 Ng4 20. g3 Bxd2 21. Nxd2 Nge5 22. Bb1 Rd8 23. h3 Qd6 24. Nb3 Nc4 25. Rd1 Qe7 26. Bc1 Rc8 27. Kh2 Ncb6 28. Na5 Ba8 29. Be3 Na4 30. Bd4 e5 31. Ba1 Nf6 32. Qe3 Qc7 33. f3 Nd7 34. Nb3 Ndb6 35. Na5 Kh8 36. Kg2 f6 37. h4 Nc4 38. Nxc4 bxc4 39. Bc2 Bc6 40. g4 Qf7 41. Rd2 Bb5 42. Bc3 Nxc3 43. Qxc3 Qe8 44. Rd5 Bc6 45. Rc5 Bb5 46. a4 Rxc5 47. bxc5 Bxa4 48. Qxc4 Bxc2 49. Qxc2 Qc6 50. Qc4 a5 51. g5 fxg5 52. hxg5 a4 53. Qd5 Qa6 54. c6 a3 55. c7 a2 56. Qd8+ Kh7 57. c8Q Qe2+ 58. Kg3 Qe1+ 59. Kg2 Qe2+ 60. Kg3 Qe1+ 61. Kg4 Qg1+ 62. Kf5 g6+ 63. Ke6 1-0

[Event "ISR-chT"]
[Site "Israel"]
[Date "2023.02.03"]
[Round "5.1"]
[White "Raznikov, Danny"]
[Black "Poleg, Dan"]
[Result "1-0"]
[WhiteElo "2482"]
[BlackElo "2193"]
[PlyCount "75"]
[EventDate "2023.01.11"]
[EventType "team-tourn"]
[EventRounds "11"]
[EventCountry "ISR"]
[SourceTitle "EXT 2024"]
[Source "ChessBase"]
[SourceDate "2023.10.10"]
[SourceVersion "1"]
[SourceVersionDate "2023.10.10"]
[SourceQuality "1"]
[WhiteTeam "Kfar Saba"]
[BlackTeam "Netanya"]
[WhiteTeamCountry "ISR"]
[BlackTeamCountry "ISR"]

1. d4 d5 2. c4 dxc4 3. e3 Nf6 4. Bxc4 e6 5. Nf3 a6 6. 0-0 c5 7. Qe2 Nc6 8. dxc5 Bxc5 9. a3 0-0 10. b4 Bd6 11. Bb2 e5 12. e4 Bg4 13. Nbd2 Qe7 14. h3 Bh5 15. Rfe1 Rac8 16. Bb3 b5 17. Rac1 Rc7 18. Qe3 a5 19. Nh4 Bg6 20. Nxg6 hxg6 21. bxa5 Nxa5 22. Rxc7 Bxc7 23. Ba2 Nd7 24. Rc1 Bb6 25. Qd3 Rb8 26. Rc2 Kh7 27. Qg3 Bc5 28. Bd5 Bd6 29. Nf3 Rf8 30. Ng5+ Kg8 31. Qh4 Nf6 32. Rc3 Nc4 33. Rf3 Nh5 34. g4 Nd2 35. Rd3 Qxg5 36. Qxg5 Nf4 37. Qxf4 exf4 38. Rxd2 1-0

[Event "ISR-chT"]
[Site "Israel"]
[Date "2022.03.05"]
[Round "10.5"]
[White "Zak, Uriel"]
[Black "Raznikov, Danny"]
[Result "1/2-1/2"]
[WhiteElo "2253"]
[BlackElo "2498"]
[PlyCount "96"]
[EventDate "2022.01.14"]
[EventType "team-tourn"]
[EventRounds "11"]
[EventCountry "ISR"]
[SourceTitle "EXT 2023"]
[Source "ChessBase"]
[SourceDate "2022.10.05"]
[SourceVersion "1"]
[SourceVersionDate "2022.10.05"]
[SourceQuality "1"]
[WhiteTeam "Tel Aviv"]
[BlackTeam "Kfar Saba"]
[WhiteTeamCountry "ISR"]
[BlackTeamCountry "ISR"]

1. d4 d5 2. c4 e6 3. Nf3 Nf6 4. Nc3 Be7 5. Bg5 h6 6. Bh4 0-0 7. e3 b6 8. Be2 Bb7 9. 0-0 Nbd7 10. Rc1 c5 11. cxd5 exd5 12. Ne5 Nxe5 13. dxe5 Ne8 14. Bg3 Nc7 15. Qa4 Qe8 16. Qxe8 Rfxe8 17. Rfd1 Rad8 18. Bf3 Rd7 19. Rd2 Red8 20. Rcd1 d4 21. Bg4 Ne6 22. Nb5 Bc6 23. Nd6 dxe3 24. fxe3 Bg5 25. Re1 Rf8 26. Rf2 h5 27. Bxh5 Nd8 28. h4 Bh6 29. Kh2 g6 30. Bg4 Re7 31. h5 Bg7 32. Nc8 Ree8 33. hxg6 fxg6 34. Rxf8+ Bxf8 35. Nxa7 Bd5 36. b3 Be6 37. Bf3 Nf7 38. Nb5 Rc8 39. Nd6 Rd8 40. Nxf7 Bxf7 41. Bg4 Re8 42. Rd1 c4 43. Bd7 Re7 44. bxc4 Bxc4 45. a4 Rh7+ 46. Bh3 b5 47. axb5 Bxb5 48. e6 Be7 1/2-1/2

[Event "ISR-chT"]
[Site "Israel"]
[Date "2022.02.18"]
[Round "7.4"]
[White "Raznikov, Danny"]
[Black "Guz, Ari"]
[Result "1/2-1/2"]
[WhiteElo "2498"]
[BlackElo "2318"]
[PlyCount "58"]
[EventDate "2022.01.14"]
[EventType "team-tourn"]
[EventRounds "11"]
[EventCountry "ISR"]
[SourceTitle "EXT 2023"]
[Source "ChessBase"]
[SourceDate "2022.10.05"]
[SourceVersion "1"]
[SourceVersionDate "2022.10.05"]
[SourceQuality "1"]
[WhiteTeam "Kfar Saba"]
[BlackTeam "Rishon Le Zion"]
[WhiteTeamCountry "ISR"]
[BlackTeamCountry "ISR"]

1. d4 d5 2. c4 e6 3. Nf3 Nf6 4. Nc3 c5 5. cxd5 Nxd5 6. e3 cxd4 7. exd4 Nxc3 8. bxc3 Qc7 9. Bd2 Nd7 10. Bd3 b6 11. 0-0 Bd6 12. Re1 Bb7 13. a4 0-0 14. c4 a5 15. Rb1 Rfe8 16. Bc3 h6 17. h3 Rad8 18. Ba1 Bb4 19. Re3 Bd6 20. Nd2 Bh2+ 21. Kh1 Bf4 22. Re2 Ne5 23. Qb3 Nxd3 24. Qxd3 Bxd2 25. Rxd2 Rc8 26. d5 exd5 27. cxd5 Qd6 28. Qg3 Qxg3 29. fxg3 Red8 1/2-1/2

[Event "ISR-chT"]
[Site "Israel"]
[Date "2022.02.12"]
[Round "6.6"]
[White "Raznikov, Danny"]
[Black "Roiz, Michael"]
[Result "1/2-1/2"]
[WhiteElo "2498"]
[BlackElo "2581"]
[PlyCount "46"]
[EventDate "2022.01.14"]
[EventType "team-tourn"]
[EventRounds "11"]
[EventCountry "ISR"]
[SourceTitle "EXT 2023"]
[Source "ChessBase"]
[SourceDate "2022.10.05"]
[SourceVersion "1"]
[SourceVersionDate "2022.10.05"]
[SourceQuality "1"]
[WhiteTeam "Kfar Saba"]
[BlackTeam "Beer Sheva"]
[WhiteTeamCountry "ISR"]
[BlackTeamCountry "ISR"]

1. d4 Nf6 2. Nf3 d5 3. c4 e6 4. e3 Be7 5. b3 0-0 6. Bb2 c5 7. dxc5 Na6 8. Nbd2 Nxc5 9. Be2 b6 10. 0-0 Bb7 11. Qc2 Rc8 12. Rfd1 Qc7 13. Be5 Bd6 14. Bxf6 gxf6 15. cxd5 Bxd5 16. Qc3 Qe7 17. Rac1 Bb7 18. Qa1 Rfd8 19. b4 Nd7 20. a3 f5 21. Rxc8 Rxc8 22. Rc1 Qd8 23. Nd4 Ne5 1/2-1/2

[Event "ISR-chT"]
[Site "Israel"]
[Date "2022.01.22"]
[Round "4.5"]
[White "Raznikov, Danny"]
[Black "Kochavi, Ori"]
[Result "1/2-1/2"]
[WhiteElo "2498"]
[BlackElo "2271"]
[PlyCount "94"]
[EventDate "2022.01.14"]
[EventType "team-tourn"]
[EventRounds "11"]
[EventCountry "ISR"]
[SourceTitle "EXT 2023"]
[Source "ChessBase"]
[SourceDate "2022.10.05"]
[SourceVersion "1"]
[SourceVersionDate "2022.10.05"]
[SourceQuality "1"]
[WhiteTeam "Kfar Saba"]
[BlackTeam "Ramat Gan Etude"]
[WhiteTeamCountry "ISR"]
[BlackTeamCountry "ISR"]

1. Nf3 d5 2. d4 Nf6 3. c4 e6 4. e3 Be7 5. b3 0-0 6. Bb2 b6 7. Bd3 Bb7 8. cxd5 exd5 9. Nc3 Nbd7 10. 0-0 Re8 11. Rc1 Bf8 12. Ne2 Bd6 13. Ng3 g6 14. Qe2 a6 15. Rc2 Qe7 16. Rfc1 c6 17. Nd2 h5 18. Re1 h4 19. Ngf1 c5 20. h3 a5 21. Bb5 Rec8 22. Nf3 Ne4 23. Rec1 Nf8 24. N1d2 Ne6 25. dxc5 N6xc5 26. Nd4 Rc7 27. N2f3 Rac8 28. Qd1 f5 29. Bf1 f4 30. Nb5 fxe3 31. fxe3 Rd7 32. Qd4 Kh7 33. Nxd6 Rxd6 34. Nh2 Rf8 35. Bd3 Bc8 36. Rf1 Bf5 37. Ng4 Nxd3 38. Qxd3 Nc5 39. Qd2 Bxc2 40. Rxf8 Qxf8 41. Qxc2 Qf5 42. Qd2 Ne4 43. Qd4 Qf8 44. Ba3 Ng3 45. Qd1 b5 46. Bxd6 Qxd6 47. Qa1 d4 1/2-1/2

[Event "ISR-chT"]
[Site "Israel"]
[Date "2021.06.11"]
[Round "7.2"]
[White "Raznikov, Danny"]
[Black "Khmelniker, Ilya"]
[Result "1/2-1/2"]
[WhiteElo "2500"]
[BlackElo "2489"]
[PlyCount "38"]
[EventDate "2021.04.22"]
[EventType "team-tourn"]
[EventRounds "11"]
[EventCountry "ISR"]
[SourceTitle "EXT 2022"]
[Source "ChessBase"]
[SourceDate "2021.10.06"]
[SourceVersion "1"]
[SourceVersionDate "2021.10.06"]
[SourceQuality "1"]
[WhiteTeam "Kfar Saba Hapoel"]
[BlackTeam "Beer Sheva Yud Alef"]
[WhiteTeamCountry "ISR"]
[BlackTeamCountry "ISR"]

1. d4 Nf6 2. Nf3 g6 3. Bf4 Bg7 4. e3 0-0 5. h3 c5 6. c3 Qb6 7. Qb3 d6 8. Nbd2 Be6 9. Bc4 Bxc4 10. Nxc4 Qxb3 11. axb3 Nc6 12. dxc5 dxc5 13. Ke2 Rfd8 14. Nfd2 Nd5 15. Rhc1 Nxf4+ 16. exf4 Bh6 17. g3 e5 18. fxe5 Nxe5 19. Rc2 Re8 1/2-1/2

[Event "ISR-chT"]
[Site "Israel"]
[Date "2021.05.01"]
[Round "4.4"]
[White "Raznikov, Danny"]
[Black "Golod, Vitali"]
[Result "1/2-1/2"]
[WhiteElo "2500"]
[BlackElo "2501"]
[PlyCount "28"]
[EventDate "2021.04.22"]
[EventType "team-tourn"]
[EventRounds "11"]
[EventCountry "ISR"]
[SourceTitle "EXT 2022"]
[Source "ChessBase"]
[SourceDate "2021.10.06"]
[SourceVersion "1"]
[SourceVersionDate "2021.10.06"]
[SourceQuality "1"]
[WhiteTeam "Kfar Saba Hapoel"]
[BlackTeam "Ashdod Elite"]
[WhiteTeamCountry "ISR"]
[BlackTeamCountry "ISR"]

1. d4 Nf6 2. Nf3 e6 3. c4 d5 4. g3 Bb4+ 5. Bd2 Bd6 6. Nc3 c6 7. Qc2 Nbd7 8. 0-0-0 0-0 9. e4 e5 10. cxd5 cxd5 11. exd5 exd4 12. Nxd4 Nb6 13. Bd3 h6 14. Kb1 Be5 1/2-1/2

[Event "ISR-chT"]
[Site "Israel"]
[Date "2021.04.23"]
[Round "2.3"]
[White "Gorodetzky, David"]
[Black "Raznikov, Danny"]
[Result "1/2-1/2"]
[WhiteElo "2501"]
[BlackElo "2500"]
[PlyCount "44"]
[EventDate "2021.04.22"]
[EventType "team-tourn"]
[EventRounds "11"]
[EventCountry "ISR"]
[SourceTitle "EXT 2022"]
[Source "ChessBase"]
[SourceDate "2021.10.06"]
[SourceVersion "1"]
[SourceVersionDate "2021.10.06"]
[SourceQuality "1"]
[WhiteTeam "Tsafrir Rehovot"]
[BlackTeam "Kfar Saba Hapoel"]
[WhiteTeamCountry "ISR"]
[BlackTeamCountry "ISR"]

1. Nf3 d5 2. e3 c6 3. c4 Nf6 4. Nc3 Bg4 5. Qb3 Qb6 6. Ne5 Be6 7. d4 g6 8. Bd2 Bg7 9. Rc1 Qxb3 10. axb3 Nbd7 11. f4 0-0 12. h3 Rac8 13. g4 Nxe5 14. fxe5 Nd7 15. cxd5 cxd5 16. Bg2 Nb6 17. Ke2 f6 18. exf6 Bxf6 19. Na4 Nxa4 20. bxa4 Bh4 21. Rxc8 Rxc8 22. Rc1 Rxc1 1/2-1/2

[Event "ISR-chT"]
[Site "Israel"]
[Date "2020.02.08"]
[Round "6.3"]
[White "Lev, Ronen"]
[Black "Raznikov, Danny"]
[Result "1-0"]
[WhiteElo "2342"]
[BlackElo "2506"]
[PlyCount "89"]
[EventDate "2020.01.10"]
[EventType "team-tourn"]
[EventRounds "11"]
[EventCountry "ISR"]
[SourceTitle "CBM 194 Extra"]
[Source "ChessBase"]
[SourceDate "2020.03.31"]
[SourceVersion "1"]
[SourceVersionDate "2020.03.31"]
[SourceQuality "1"]
[WhiteTeam "Herzliya Atudat Haim"]
[BlackTeam "Rishon Le Zion Feldklein"]
[WhiteTeamCountry "ISR"]
[BlackTeamCountry "ISR"]

1. d4 Nf6 2. Nf3 e6 3. c4 Bb4+ 4. Bd2 Qe7 5. e3 b6 6. Bxb4 Qxb4+ 7. Qd2 a5 8. Bd3 Bb7 9. Nc3 Qe7 10. e4 d6 11. 0-0 Nbd7 12. Rfe1 0-0 13. Rad1 Rfd8 14. Qf4 e5 15. Nd5 Bxd5 16. exd5 exf4 17. Rxe7 Re8 18. Rde1 Rxe7 19. Rxe7 Kf8 20. Re1 a4 21. a3 b5 22. cxb5 Nb6 23. Kf1 Nfxd5 24. Ke2 g6 25. Kd2 f5 26. Kc2 Kg7 27. Rc1 Kf6 28. Nd2 g5 29. b3 g4 30. Kb2 h5 31. Nc4 Ra7 32. Nxb6 Nxb6 33. Bc2 h4 34. bxa4 Kg5 35. Bb3 g3 36. hxg3 fxg3 37. fxg3 hxg3 38. Kc3 Nxa4+ 39. Kb4 Nb6 40. a4 d5 41. a5 Nc4 42. Bxc4 dxc4 43. Rxc4 f4 44. d5 Kf6 45. d6 1-0

[Event "ISR-chT"]
[Site "Israel"]
[Date "2020.02.07"]
[Round "5.1"]
[White "Raznikov, Danny"]
[Black "Vydeslaver, Alik"]
[Result "1/2-1/2"]
[WhiteElo "2506"]
[BlackElo "2385"]
[PlyCount "106"]
[EventDate "2020.01.10"]
[EventType "team-tourn"]
[EventRounds "11"]
[EventCountry "ISR"]
[SourceTitle "CBM 194 Extra"]
[Source "ChessBase"]
[SourceDate "2020.03.31"]
[SourceVersion "1"]
[SourceVersionDate "2020.03.31"]
[SourceQuality "1"]
[WhiteTeam "Rishon Le Zion Feldklein"]
[BlackTeam "Beer Sheva K"]
[WhiteTeamCountry "ISR"]
[BlackTeamCountry "ISR"]

1. d4 d6 2. e4 Nf6 3. Nc3 e5 4. Nf3 Nbd7 5. Bc4 Be7 6. 0-0 0-0 7. Re1 a6 8. a4 b6 9. b3 Bb7 10. Ba3 c6 11. d5 Qc7 12. dxc6 Bxc6 13. Qd3 Bb7 14. Rad1 Nc5 15. Bxc5 Qxc5 16. Nd5 Bxd5 17. Bxd5 Ra7 18. c4 g6 19. Qd2 Kg7 20. b4 Qc7 21. Rc1 a5 22. b5 Nd7 23. Qc2 Nc5 24. Rcd1 Qc8 25. Nd2 Rc7 26. Nb1 Ne6 27. Nc3 Nd4 28. Qd3 Bf6 29. Ne2 Re7 30. Nxd4 exd4 31. Bc6 Qg4 32. g3 h5 33. Kg2 h4 34. f4 Rh8 35. Qf3 Qxf3+ 36. Kxf3 hxg3 37. hxg3 Rh2 38. Re2 Rxe2 39. Kxe2 Rc7 40. Kd3 Rc8 41. Re1 Rd8 42. e5 dxe5 43. fxe5 Be7 44. Bd5 Bc5 45. Rf1 Rd7 46. Rf6 Re7 47. Ke4 d3 48. Kxd3 Rxe5 49. Rxf7+ Kh6 50. Be4 Rg5 51. Rf3 Kh5 52. Ke2 Re5 53. Kd3 Rg5 1/2-1/2

[Event "ISR-chT"]
[Site "Israel"]
[Date "2020.01.17"]
[Round "3.3"]
[White "Zoler, Dan"]
[Black "Raznikov, Danny"]
[Result "1/2-1/2"]
[WhiteElo "2485"]
[BlackElo "2506"]
[PlyCount "83"]
[EventDate "2020.01.10"]
[EventType "team-tourn"]
[EventRounds "11"]
[EventCountry "ISR"]
[SourceTitle "CBM 194 Extra"]
[Source "ChessBase"]
[SourceDate "2020.03.31"]
[SourceVersion "1"]
[SourceVersionDate "2020.03.31"]
[SourceQuality "1"]
[WhiteTeam "Herzliya"]
[BlackTeam "Rishon Le Zion Feldklein"]
[WhiteTeamCountry "ISR"]
[BlackTeamCountry "ISR"]

1. d4 Nf6 2. c4 e6 3. Nf3 b6 4. g3 Bb7 5. Bg2 Bb4+ 6. Nbd2 0-0 7. 0-0 d5 8. Qc2 Nbd7 9. a3 Bd6 10. b4 c5 11. bxc5 bxc5 12. Rb1 Ba6 13. cxd5 exd5 14. Re1 Re8 15. Nf1 cxd4 16. Nxd4 Ne4 17. Bb2 Rc8 18. Qd1 Be5 19. Ne3 Ndf6 20. Bh3 Nc3 21. Bxc3 Rxc3 22. Qa4 Qd6 23. Ng4 Kf8 24. Nxe5 Rxe5 25. Nf5 Qxa3 26. Qd4 Re4 27. Qxa7 Bc8 28. Qb8 Re8 29. Qf4 Bxf5 30. Bxf5 Rc4 31. Qd2 Qc5 32. Bd3 Rc3 33. Rb5 Qc7 34. Reb1 Qe5 35. Rb7 Kg8 36. Ra7 Rc7 37. Qa5 Rxa7 38. Qxa7 g6 39. Rb7 Qe6 40. Qd4 Qe5 41. Qxe5 Rxe5 42. Kg2 1/2-1/2

[Event "ISR-chT"]
[Site "Israel"]
[Date "2020.01.10"]
[Round "1.4"]
[White "Manor, Ilan"]
[Black "Raznikov, Danny"]
[Result "1/2-1/2"]
[WhiteElo "2457"]
[BlackElo "2506"]
[PlyCount "76"]
[EventDate "2020.01.10"]
[EventType "team-tourn"]
[EventRounds "11"]
[EventCountry "ISR"]
[SourceTitle "CBM 194 Extra"]
[Source "ChessBase"]
[SourceDate "2020.03.31"]
[SourceVersion "1"]
[SourceVersionDate "2020.03.31"]
[SourceQuality "1"]
[WhiteTeam "Petah Tikva Hapoel"]
[BlackTeam "Rishon Le Zion Feldklein"]
[WhiteTeamCountry "ISR"]
[BlackTeamCountry "ISR"]

1. d4 Nf6 2. c4 e6 3. g3 d5 4. Nf3 Be7 5. Bg2 0-0 6. 0-0 dxc4 7. Ne5 Qd6 8. Nxc4 Qa6 9. Qb3 Nc6 10. e3 Rb8 11. Nc3 b5 12. Nd2 e5 13. d5 Na5 14. Qc2 Rd8 15. Nde4 Ne8 16. f4 exf4 17. gxf4 Qg6 18. Qf2 b4 19. d6 Bxd6 20. Nd5 Bh3 21. Nxd6 Qxg2+ 22. Qxg2 Bxg2 23. Kxg2 Nxd6 24. Nxc7 Rb7 25. Nd5 Ne4 26. Rd1 Nc6 27. f5 g6 28. Kf3 gxf5 29. Kf4 Re8 30. b3 Ne5 31. Bb2 Ng6+ 32. Kxf5 Rb5 33. Rac1 Nc3 34. Bxc3 bxc3 35. Kg4 Re5 36. Nxc3 Rg5+ 37. Kf3 Rbf5+ 38. Ke4 Rf2 1/2-1/2

[Event "ISR-chT"]
[Site "Israel"]
[Date "2019.02.09"]
[Round "4.6"]
[White "Bykhovsky, Avigdor"]
[Black "Raznikov, Danny"]
[Result "0-1"]
[WhiteElo "2419"]
[BlackElo "2499"]
[PlyCount "90"]
[EventDate "2019.01.04"]
[EventType "team-tourn"]
[EventRounds "11"]
[EventCountry "ISR"]
[SourceTitle "CBM 188 Extra"]
[Source "ChessBase"]
[SourceDate "2019.02.26"]
[SourceVersion "1"]
[SourceVersionDate "2019.02.26"]
[SourceQuality "1"]
[WhiteTeam "Petah Tikva Elitzur Dov"]
[BlackTeam "Rishon Le Zion Feldklein"]
[WhiteTeamCountry "ISR"]
[BlackTeamCountry "ISR"]

1. d4 Nf6 2. c4 e6 3. Nf3 d5 4. Nc3 Be7 5. Bf4 0-0 6. e3 Nbd7 7. h3 c5 8. cxd5 Nxd5 9. Nxd5 exd5 10. Bd3 c4 11. Bc2 Bb4+ 12. Nd2 Nf6 13. 0-0 Re8 14. a3 Bd6 15. Bxd6 Qxd6 16. Re1 Be6 17. Nf1 b5 18. f3 Rad8 19. Qd2 Nd7 20. Rad1 f5 21. g4 Rf8 22. Qh2 Qxh2+ 23. Nxh2 a5 24. Kg2 b4 25. axb4 axb4 26. b3 Ra8 27. Ra1 Nb6 28. Nf1 fxg4 29. hxg4 Rxa1 30. Rxa1 Ra8 31. Rxa8+ Nxa8 32. e4 dxe4 33. Bxe4 c3 34. d5 Bf7 35. Ne3 Nb6 36. Kf2 Kf8 37. Ke2 Ke7 38. Kd3 Kd6 39. Nf5+ Ke5 40. Nxg7 Bxd5 41. Bxh7 Bxb3 42. Nh5 Bc4+ 43. Kc2 Na4 44. g5 b3+ 45. Kb1 Kd4 0-1

[Event "Pan American Intercollegiate-chT"]
[Site "Burlingame"]
[Date "2018.12.29"]
[Round "4.2"]
[White "Cordova, Emilio"]
[Black "Raznikov, Danny"]
[Result "1/2-1/2"]
[WhiteElo "2595"]
[BlackElo "2499"]
[PlyCount "95"]
[EventDate "2018.12.27"]
[EventType "team-swiss"]
[EventRounds "6"]
[EventCountry "USA"]
[SourceTitle "CBM 188 Extra"]
[Source "ChessBase"]
[SourceDate "2019.02.26"]
[SourceVersion "1"]
[SourceVersionDate "2019.02.26"]
[SourceQuality "1"]
[WhiteTeam "Webster II"]
[BlackTeam "Texas Dallas Univ"]
[WhiteTeamCountry "USA"]
[BlackTeamCountry "USA"]

1. Nf3 d5 2. c4 e6 3. g3 Nf6 4. Bg2 Be7 5. 0-0 0-0 6. d4 dxc4 7. Qc2 a6 8. a4 Bd7 9. Qxc4 Bc6 10. Bg5 Bd5 11. Qc2 Be4 12. Qc1 h6 13. Bxf6 Bxf6 14. Nbd2 Bh7 15. Nb3 Nd7 16. Nfd2 c6 17. Rd1 a5 18. Nc4 Be7 19. e4 Bb4 20. e5 Qc7 21. Qe3 Rad8 22. Rac1 Nb6 23. Nxb6 Qxb6 24. h4 Bf5 25. Bf3 Be7 26. Kg2 Qb4 27. Qc3 Qxc3 28. bxc3 Ba3 29. Nxa5 Bxc1 30. Rxc1 Rd7 31. Nc4 f6 32. a5 Bd3 33. Nd6 Rfd8 34. c4 Rxd6 35. exd6 Rxd6 36. d5 exd5 37. cxd5 cxd5 38. Rc8+ Kh7 39. Rc5 Be4 40. Bxe4+ dxe4 41. Rb5 Rd7 42. h5 g6 43. hxg6+ Kxg6 44. g4 Re7 45. Kg3 e3 46. fxe3 Rxe3+ 47. Kf4 Re7 48. Rb6 1/2-1/2

[Event "Dallas UT Fall op"]
[Site "Dallas"]
[Date "2018.11.18"]
[Round "4"]
[White "Stremavicius, Titas"]
[Black "Raznikov, Danny"]
[Result "1/2-1/2"]
[WhiteElo "2465"]
[BlackElo "2494"]
[PlyCount "43"]
[EventDate "2018.11.16"]
[EventType "swiss"]
[EventRounds "9"]
[EventCountry "USA"]
[SourceTitle "CBM 187 Extra"]
[Source "ChessBase"]
[SourceDate "2018.11.04"]
[SourceVersion "1"]
[SourceVersionDate "2018.11.04"]
[SourceQuality "1"]

1. d4 c6 2. c4 d5 3. cxd5 cxd5 4. Nc3 Nf6 5. Nf3 Nc6 6. Bf4 Bf5 7. e3 e6 8. Bd3 Bxd3 9. Qxd3 Bd6 10. Bxd6 Qxd6 11. 0-0 0-0 12. Rfc1 Rfc8 13. h3 g6 14. Qd1 Kg7 15. Ne2 Ne7 16. Nf4 Rxc1 17. Rxc1 Rc8 18. Rxc8 Nxc8 19. Qc2 Ne7 20. Nd3 Qc6 21. Qxc6 Nxc6 22. Kf1 1/2-1/2

[Event "Dallas UT Fall op"]
[Site "Dallas"]
[Date "2018.11.17"]
[Round "3"]
[White "Raznikov, Danny"]
[Black "Stefanov, Emil"]
[Result "1-0"]
[WhiteElo "2494"]
[BlackElo "2389"]
[PlyCount "132"]
[EventDate "2018.11.16"]
[EventType "swiss"]
[EventRounds "9"]
[EventCountry "USA"]
[SourceTitle "CBM 187 Extra"]
[Source "ChessBase"]
[SourceDate "2018.11.04"]
[SourceVersion "1"]
[SourceVersionDate "2018.11.04"]
[SourceQuality "1"]

1. d4 g6 2. Nf3 Bg7 3. e4 d6 4. Bd3 Nf6 5. h3 0-0 6. 0-0 Nc6 7. c3 e5 8. Re1 Re8 9. Nbd2 Nh5 10. dxe5 Nxe5 11. Nxe5 Bxe5 12. Nf3 Bf4 13. Bf1 Qf6 14. g3 Bxc1 15. Rxc1 Be6 16. Bg2 Rad8 17. Nd4 Bd7 18. Qb3 b6 19. Nb5 Bxb5 20. Qxb5 a5 21. Qc6 Re7 22. Rcd1 Qe5 23. b4 axb4 24. cxb4 Qb2 25. Qc4 Ra8 26. Re2 Qe5 27. Rd5 Qe6 28. e5 Rae8 29. Bf3 c6 30. Qxc6 dxe5 31. Qxe6 Rxe6 32. Bxh5 gxh5 33. Re4 Kg7 34. a4 Ra8 35. Rexe5 Rxe5 36. Rxe5 Rxa4 37. Rb5 h4 38. gxh4 Ra3 39. Kg2 Rb3 40. f3 h5 41. Kg3 f6 42. Rxb6 Kg6 43. Kf4 Rb1 44. Rb5 Rb2 45. Ke4 Rh2 46. f4 Rxh3 47. Rd5 Rxh4 48. Rd1 Rh2 49. Rg1+ Kf7 50. Rb1 Ke6 51. b5 Kd7 52. b6 Kc8 53. Kf5 Rf2 54. Rh1 Rb2 55. Rxh5 Rxb6 56. Rh6 Kd7 57. Rxf6 Rb8 58. Kg6 Ke8 59. Kg7 Rb1 60. Re6+ Kd7 61. Re4 Rf1 62. Kg6 Rg1+ 63. Kf6 Rg4 64. Re7+ Kd6 65. f5 Rf4 66. Re1 Kd5 1-0